Principles of physiology / (Record no. 39886)

MARC details
000 -LEADER
fixed length control field 00732nam a22002417a 4500
005 - DATE AND TIME OF LATEST TRANSACTION
control field 20100806154830.0
010 ## - LCCN (DPL NO)
LC control number ENG-98659
020 ## - INTERNATIONAL STANDARD BOOK NUMBER
International Standard Book Number 9788189781873
Terms of availability 350.00
035 ## - SYSTEM CONTROL NUMBER
System control number EN-82191
037 ## - SOURCE OF ACQUISITION
Source of stock number/acquisition DBAD/PUB
082 ## - DEWEY DECIMAL CLASSIFICATION NUMBER
Classification number 612
100 ## - MAIN ENTRY--PERSONAL NAME
Personal name Pramanik, Debasis
245 ## - TITLE STATEMENT
Title Principles of physiology /
Statement of responsibility, etc by Pramanik Bdebasis
260 ## - PUBLICATION, DISTRIBUTION, ETC. (IMPRINT)
Date of publication, distribution, etc 2010
Place of publication, distribution, etc Kolkata
Name of publisher, distributor, etc Acadmic Publishers
270 ## - ADDRESS
Address 5A,Bhawanin Dutta Lane
City Kolkata
Postal code 700073
300 ## - PHYSICAL DESCRIPTION
Extent 768p.
Dimensions 23cm (pbk)
500 ## - GENERAL NOTE
General note Includes index.
650 ## - SUBJECT ADDED ENTRY--TOPICAL TERM
Topical term or geographic name as entry element Physiology
700 ## - ADDED ENTRY--PERSONAL NAME
9 (RLIN) 7972
700 ## - ADDED ENTRY--PERSONAL NAME
9 (RLIN) 7973
942 ## - ADDED ENTRY ELEMENTS (KOHA)
Source of classification or shelving scheme Dewey Decimal Classification
Item type English Books
Classification part 612
Call number suffix PRA
Holdings
Withdrawn status Lost status Not for loan Collection code Home library Current library Date acquired Source of acquisition Full call number Barcode Copy number Koha item type
    Not For Loan Non-fiction D.B.Act.Division D.B.Act.Division 06/08/2010 DBAD/PUB 612 PRA EN-82191 1 English Books

© Delhi Public Library
Hit Counter
free hit counter